Tổ chức dạy học theo hình thức Seminar ở môn lí luận văn học Sách trợ giúp giảng viên CĐSP

Na minha lista:
Detalhes bibliográficos
Autor principal: Nguyễn Thị Bích An
Formato: Livro
Publicado em: H. ĐHSP 2007
Assuntos:
Tags: Adicionar Tag
Sem tags, seja o primeiro a adicionar uma tag!
Thư viện lưu trữ: Trung tâm Học liệu Lê Vũ Hùng, Trường Đại học Đồng Tháp
LEADER 01410pam a22002658a 4500
001 00023106
005 20171026081025.0
008 110609s2007 ||||||Viesd
041 0 # |a Vie 
082 1 4 |a 807  |b T450CH 
100 0 # |a Nguyễn Thị Bích An 
245 0 0 |a Tổ chức dạy học theo hình thức Seminar ở môn lí luận văn học  |b Sách trợ giúp giảng viên CĐSP  |c Nguyễn Thị Bích An 
260 # # |a H.  |b ĐHSP  |c 2007 
300 # # |a 190 tr.  |c 24 cm. 
500 # # |a ĐBS ghi: Bộ Giáo dục và đào tạo. Dự án đào tạo giáo viên THCS. Loan No1718 VIE(SF) 
650 # 4 |a Lí luận văn học 
650 # 4 |a Phương pháp giảng dạy 
653 # # |a Sách giáo viên 
653 # # |a THCS 
852 # # |b Kho giáo trình  |j KGT.0024014, KGT.0024015, KGT.0024016, KGT.0024017, KGT.0024018, KGT.0024019, KGT.0024020, KGT.0024021, KGT.0024022, KGT.0024023, KGT.0024024, KGT.0024025, KGT.0024026, KGT.0024027, KGT.0024028 
852 # # |b Kho mượn  |j KGT.0024014 
852 # # |b Kho đọc  |j KD.0009338 
852 # # |j KGT.0024015  |j KGT.0024016  |j KGT.0024018  |j KGT.0024019  |j KGT.0024021  |j KGT.0024023  |j KGT.0024024  |j KGT.0024026  |j KGT.0024027  |j KD.0009338  |j KGT.0024014  |j KGT.0024017  |j KGT.0024020  |j KGT.0024022  |j KGT.0024025 
910 0 # |a Phương  |d 09/06/2011 
980 # # |a Trung tâm Học liệu Lê Vũ Hùng, Trường Đại học Đồng Tháp